000 00854cam a2200205 4500
001 WB3834-23
008 020918n2002 000 0 eng u
035 _a(Sirsi) u119742
245 _aNew RICS Scotland campaign
260 _c2002
490 _aRICS Residential Faculty News
_v18 September 2002, (1)
520 _aRICS Scotland in collaboration with RICS Residential Faculty has undertaken a promotional campaign to encourage homebuyers to use a Homebuyer Survey when purchasing their new home. RICS Scotland at www.rics-scotland.org.uk www.rics.org/ricscms/bin/show?class=News&template=/includes/shownews.html&id=3678
590 _aWB
650 _aSCOTLAND
650 _aRICS HOMEBUYER SURVEY AND VALUATION
650 _aMORTGAGE VALUATION
650 _aHOMEBUYERS
690 _aPROPERTY-PROPERTY APPRAISAL AND VALUATION
942 _n0
999 _c71174
_d71174